00816cam a22002177i 4500020001800000020001500018040000800033082002600041100002200067245003200089250001900121300004500140500002000185650001500205856006900220856006900289856006900358942000700427999001700434952014700451 a9781133956105 a1133956106 cDLC a330 MOR 1961 A089 Or.1 aBoyes, William J.10aFUNDAMENTALS OF ECONOMICS / aSIXTH EDITION. axxi, 440 pages :billustrations ;c28 cm aIncludes index. 0aEconomics.42uhttps://www.loc.gov/catdir/enhancements/fy1609/2012952326-b.html42uhttps://www.loc.gov/catdir/enhancements/fy1609/2012952326-d.html41uhttps://www.loc.gov/catdir/enhancements/fy1609/2012952326-t.html cEK c16365d16365 0010406330_000000000000000_MOR_1961_A089_OR70970750aLBAbLBAcA089d2018-02-13o330 MOR 1961 A089 Or.pA26602r2018-02-13w2018-02-13yEK